Complete conuntry name Quiz Stats

 Plays Quiz not verified by Sporcle

Support Sporcle.
Go Orange.
Score 0/16 Timer 02:00
0 Plays Today
short name long name % Correct
usaunited states of america
100%
venezuelaBolivarian Republic of Venezuela
33.3%
colombiarepublic of colombia
11.1%
chinaPeople's Republic of China
11.1%
russiarussian federation
0%
brazilFederative Republic of Brazil
0%
chileRepublic of Chile
0%
italyItalian Republic
0%
short name long name % Correct
north koreaDemocratic People's Republic of Korea
0%
portugalPortuguese Republic
0%
spainKingdom of Spain
0%
uruguayOriental Republic of Uruguay
0%
polandRepublic of Poland
0%
greeceHellenic Republic
0%
israelState of Israel
0%
norwayKingdom of Norway
0%

You're not logged in!

Compare scores with friends on all Sporcle quizzes.
OR
Log In

From the Vault

Animated Movie Taglines II

by lpanjini

We hope these taglines are as 'animated' as the movies they're for.
Remove Ads.
Support Sporcle.
Get the best of Sporcle when you Go Orange. This ad-free experience offers more features, more stats, and more fun while also helping to support Sporcle. Thank you for becoming a member.

Show Comments

Extras

Created Feb 18, 2012ReportNominate
Tags:compete, complete, long, short

Top Quizzes Today


Score Distribution

Your Account Isn't Verified!

In order to create a playlist on Sporcle, you need to verify the email address you used during registration. Go to your Sporcle Settings to finish the process.

Report this User

Report this user for behavior that violates our Community Guidelines.

Details: